| 000 | 00491cam a2200205ua 4500 | ||
|---|---|---|---|
| 001 | 8206 | ||
| 008 | 150110n ii |||gr||||Z||||||hin | ||
| 020 | _a9788170282495 | ||
| 040 | _cMAIN | ||
| 041 | _ahin | ||
| 082 | _a891.433 | ||
| 100 |
_aNagar, A., _eAuthor. |
||
| 245 | 1 |
_aManas ka hans _cBy Amritlal Nagar |
|
| 250 | _a2nd. | ||
| 260 |
_aNew Delhi: _bRajpal, _c2008. |
||
| 300 | _a374p. | ||
| 653 | _aEast Indo-European & Celtic literatures | ||
| 653 | _aHindi novels | ||
| 942 | _cBK | ||
| 999 |
_c7321 _d7321 |
||